Literatúra v kontextoch, kontexty v literatúre

Podrobná bibliografia
Hlavný autor: Harpáň, Michal, 1944- (Autor)
Médium: Článok
Jazyk:slovenčina
ISSN:0862-5999
Predmet:

MARC

LEADER 00000nab a2200000 a 4500
001 vtls000742279
003 SK-MaSNL
005 20260302193643.0
008 140422c2000 xo 0 slo
015 |a SNBRB2000/12-30287 
035 |a CLN000094119 
040 |a SNKBUCL  |b slo  |c SNKBUCL  |e AACR2 
041 0 |a slo 
044 |a xo  |c SK 
080 |a 82(091):885.4 (439+498+497.11)"19"(048)  |2 1997 
080 |a 885.4 (439)(091)"19"(048)  |2 1997 
080 |a 885.4 (498)(091)"19"(048)  |2 1997 
080 |a 885.4 (497.11)(091)"19"(048)  |2 1997 
100 1 |a Harpáň, Michal,  |d 1944-  |4 aut  |9 221070 
245 1 0 |a Literatúra v kontextoch, kontexty v literatúre  |c Michal Harpáň 
650 0 7 |a literatúra slovenská v zahraničí  |x dejiny  |y stor. 20.  |x monografie  |x recenzie  |2 snkbucl  |9 912637 
655 7 |a články z novín a časopisov  |2 snkbucl  |9 267496 
773 0 |t Literárny týždenník  |g Roč. 13, č. 37 (2000), s. 10  |x 0862-5999 
787 0 8 |i Rec.:  |a Babiak, Michal  |t Literatúra a kontext  |d Bratislava : ESA ; Nadlak : Kultúrna a vedecká spoločnosť Ivana Krasku, 1999 
850 |a Slovenská národná knižnica v Martine 
852 |a SNK  |b KIS3GCP 
958 |a RC 
958 |a LX 
958 |a SK 
992 |a RBX 
999 |c 1445421  |d 1447351